[Event "Besancon op"]
[Site "Besancon"]
[Date "2008.12.30"]
[Round "6"]
[White "Perrin, Julien"]
[Black "Jonet, Gilbert"]
[Result "1-0"]
[WhiteElo "1730"]
[BlackElo "1596"]
[PlyCount "59"]
[EventDate "2008.12.26"]
[EventType "swiss"]
[EventRounds "7"]
[EventCountry "FRA"]
[SourceTitle "CBM 128 Extra"]
[Source "ChessBase"]
[SourceDate "2009.03.05"]
[SourceVersion "2"]
[SourceVersionDate "2009.03.25"]
[SourceQuality "1"]

1. Nf3 d5 2. d4 Nf6 3. c4 Nc6 4. Nc3 e6 5. Bf4 Bb4 6. e3 Nh5 7. Bg5 Nf6 8. Be2 h6 9. Bh4 g5 10. Bg3 Ne4 11. Rc1 Bxc3+ 12. bxc3 Nxg3 13. fxg3 f5 14. cxd5 Qxd5 15. Qd2 0-0 16. 0-0 Kg7 17. c4 Qd8 18. Qb2 Qf6 19. Nd2 Qe7 20. d5+ Qf6 21. Qxf6+ Rxf6 22. dxc6 bxc6 23. Bf3 Ba6 24. Bxc6 Rd8 25. Rc2 Rd6 26. Bb5 Bb7 27. Nb3 Be4 28. Rd2 e5 29. Rfd1 Bd3 30. Rxd3 1-0